Movies From Each Year 1985-Present - Statistics

General Stats
  • This quiz has been taken 64 times
  • The average score is 13 of 37
Answer Stats
Year Actor Movie % Correct
1988 Bruce Willis Die Hard
89%
1985 Christopher Lloyd Back to the Future
79%
2000 Rusell Crowe Gladiator
79%
2008 Christian Bale The Dark Knight
64%
1997 Ben Affleck Good Will Hunting
62%
1993 Sam Neill Jurassic Park
58%
2002 Kirsten Dunst Spider-Man
58%
1999 Laurence Fishburne The Matrix
58%
1990 Joe Pesci Home Alone
55%
1987 Danny Glover Lethal Weapon
55%
1992 Quentin Tarantino Reservoir Dogs
55%
1989 Jack Nicholsen Batman
45%
1994 Robin Wright Forrest Gump
42%
1995 John Ratzenburger Toy Story
42%
2003 Scarlett Johansson Lost in Translation
38%
2010 Joseph Gordon-Levitt Inception
36%
2015 Bryce Dallas Howard Jurassic World
32%
2009 Sam Worthington Avatar
30%
2018 Josh Brolin Avengers: Infinity War
30%
2020 Christopher Nolan Tenet
30%
2013 Jonah Hill Wolf of Wall Street
28%
2019 Daniel Craig Knives Out
26%
2012 Jaime Foxx Django Unchained
25%
1986 Mia Sara Ferris Bueller's Day Off
21%
2014 Anne Hathaway Interstellar
21%
1998 Matt Damon Saving Private Ryan
21%
2004 Mel Gibson Passion of the Christ
19%
2006 Hugh Jackman The Prestige
19%
2001 Julia Roberts Ocean's 11
15%
2007 Patten Oswalt Ratatouille
13%
2017 Zac Efron The Greatest Showman
13%
2005 Jack Black King Kong
11%
1991 Richard White Beauty and the Beast
6%
1996 Ron Clements/ Jon Musker Hunchback of Notre Dame
2%
2016 Jenny Slate Zootopia
2%
2021 Channing Tatum Free Guy
0%
2011 Evangeline Lilly Real Steel
0%
No matching quizzes found
Score Distribution
Percent of People with Each Score
Percentile by Number Answered
Your Score History
You have not taken this quiz